000 00351nam a2200145Ia 4500
100 _aKIreyev/M./ Kovaksky/ A.
650 _aElectrical Engineering
942 _cBK
654 _aSwitchgear Installation
245 _aSwitchgear Installation
260 _bMir Publishers
_aMoscow
_c1982
082 _a621.31042
300 _a319
546 _aENGLISH
999 _c33032
_d33032